[Event "Bhopal GM Open 2018"]
[Site "Bhopal"]
[Date "2018.12.23"]
[Round "4"]
[White "Dinesh Kumar Jaganathan"]
[Black "Raahul V S"]
[Result "1/2-1/2"]
[WhiteElo "1969"]
[BlackElo "2381"]
[Annotator "NA"]
[PlyCount "75"]
[EventDate "2018.12.21"]
[EventType "swiss"]
[EventCountry "IND"]
[SourceTitle "playchess.com"]
[Source "ChessBase"]
[SourceQuality "1"]
[TimeControl "5400+30"]

1. Nf3 {[%emt 0:00:00]} Nf6 {[%emt 0:00:00]} 2. c4 {[%emt 0:00:06]} c5 {[%emt 0:00:00]} 3. d4 {[%emt 0:00:05]} cxd4 {[%emt 0:00:00]} 4. Nxd4 {[%emt 0:00:03]} Nc6 {[%emt 0:01:16]} 5. Nc3 {[%emt 0:00:18]} g6 {[%emt 0:01:05]} 6. e4 {[%emt 0:00:29]} Bg7 {[%emt 0:00:06] LiveBook: 695 Games} 7. Nxc6 {[%emt 0:04:13] B36: Sicilian: Maroczy Bind: Gurgenidze System} (7. Be3 d6 8. Be2 O-O 9. O-O Bd7 10. Qd2 Nxd4 11. Bxd4 Bc6 12. f3 a5 13. b3 Nd7 14. Be3 Nc5 15. Rab1 Qb6 16. Rfc1 Rfc8 17. Bf1 Qb4 18. Qb2 Qb6 19. Kh1 h5 20. a3 Qd8 21. Rd1 b6 22. Qd2 Kh7 23. Ne2 Ne6 24. Nc3 Nc5 25. Nd5 {1-0 (61) Bu,X (2730)-Savchenko,B (2566) Riadh 2017}) 7... bxc6 {[%emt 0:00:40]} 8. e5 {[%emt 0:01:10]} Ng8 $1 {[%emt 0:00:08]} 9. Bf4 {[%emt 0:00:50] The position is equal.} Qa5 {[%emt 0:01:48]} 10. Qd4 {[%emt 0:01:18]} (10. Qe2 $11) 10... d6 $146 {[%emt 0:01:27]} ({Predecessor:} 10... Rb8 $15 11. O-O-O d6 (11... Nh6 12. Bd3 O-O 13. Rhe1 d6 14. Qe3 Ng4 15. Qf3 Nxe5 16. Bxe5 Bxe5 17. Bb1 Bxc3 18. Qxc3 Qxc3+ 19. bxc3 Re8 20. Rxd6 {½-½ (20) Matysek,A-Szopa,J Slask 1996})) 11. c5 $1 $11 {[%emt 0:06:19]} d5 {[%emt 0:12:29]} (11... g5 $11 12. Bg3 (12. Bxg5 Bxe5 13. Qd2 Rb8 $15) 12... Rb8) 12. b4 $36 {[%emt 0:01:16] White fights for an advantage.} Qc7 {[%emt 0:00:08]} 13. b5 {[%emt 0:02:49] Threatens to win with bxc6.} e6 {[%emt 0:00:42]} 14. b6 {[%emt 0:06:39]} (14. Bd3 $16) 14... Qb8 {[%emt 0:00:37]} (14... Qe7 $142) 15. Rb1 $11 {[%emt 0:02:45]} Bb7 {[%emt 0:04:07]} 16. Bd3 {[%emt 0:05:24]} a6 $2 {[%emt 0:08:46] [#]} (16... Ne7 $11 {and Black is okay.}) 17. h4 $18 {[%emt 0:00:09] White is clearly better.} Ne7 18. h5 {[%emt 0:03:22]} O-O {[%emt 0:02:45]} 19. g4 {[%emt 0:07:16] Accuracy: White = 47%, Black = 30%.} f6 {[%emt 0:09:11]} 20. exf6 {[%emt 0:09:14]} Bxf6 {[%emt 0:00:02]} 21. Qxf6 {[%emt 0:00:17]} Rxf6 {[%emt 0:01:14]} 22. Bxb8 {[%emt 0:00:07]} Rxb8 {[%emt 0:00:03]} 23. Rb4 {[%emt 0:01:52]} Rbf8 {[%emt 0:00:09]} 24. Ra4 {[%emt 0:00:50]} Rf4 {[%emt 0:00:24]} 25. hxg6 {[%emt 0:13:49]} Nxg6 {[%emt 0:01:28]} 26. Bxg6 {[%emt 0:07:27]} hxg6 {[%emt 0:00:03]} 27. g5 {[%emt 0:04:34]} Rxa4 {[%emt 0:03:55]} 28. Nxa4 {[%emt 0:00:01]} Rf4 {[%emt 0:00:11]} 29. Nb2 {[%emt 0:02:32]} Rb4 {[%emt 0:00:39]} 30. Nd1 {[%emt 0:00:09]} Rc4 {[%emt 0:01:40]} 31. Rh6 {[%emt 0:03:13]} Kg7 {[%emt 0:00:15]} 32. Ne3 {[%emt 0:00:41]} Re4 {[%emt 0:01:59]} 33. Kd2 {[%emt 0:00:40]} Ra4 {[%emt 0:02:01]} 34. f3 {[%emt 0:01:45]} Rxa2+ {[%emt 0:00:03]} 35. Ke1 {[%emt 0:00:33]} Ra1+ {[%emt 0:01:51]} 36. Kf2 Ra2+ {[%emt 0:01:11]} 37. Ke1 {[%emt 0:01:25]} Ra3 {[%emt 0:01:34]} 38. Kf2 {[%emt 0:00:37]} 1/2-1/2

[Event "Bhopal GM Open 2018"]
[Site "Bhopal"]
[Date "2018.12.23"]
[Round "4"]
[White "Pandey Srishti"]
[Black "Anuj Shrivatri"]
[Result "1/2-1/2"]
[WhiteElo "1825"]
[BlackElo "2357"]
[Annotator "NA"]
[PlyCount "144"]
[EventDate "2018.12.21"]
[EventType "swiss"]
[EventCountry "IND"]
[SourceTitle "playchess.com"]
[Source "ChessBase"]
[SourceQuality "1"]
[TimeControl "5400+30"]

1. e4 e5 {[%emt 0:00:00]} 2. Nc3 {[%emt 0:00:00]} Nf6 {[%emt 0:00:00]} 3. Bc4 {[%emt 0:00:00]} Nxe4 {[%emt 0:00:00]} 4. Qh5 {[%emt 0:00:07]} Nd6 {[%emt 0:00:06]} 5. Bb3 {[%emt 0:00:05]} Nc6 {[%emt 0:02:41]} 6. Nb5 {[%emt 0:00:13]} g6 {[%emt 0:08:02]} 7. Qf3 {[%emt 0:00:17]} f5 {[%emt 0:00:51]} 8. Qd5 {[%emt 0:00:21]} Qe7 {[%emt 0:00:15]} 9. Nxc7+ {[%emt 0:00:08]} Kd8 {[%emt 0:00:04]} 10. Nxa8 {[%emt 0:00:11]} b6 {[%emt 0:00:22]} 11. d3 {[%emt 0:02:40] LiveBook: 13 Games. C27: Vienna Game: 2...Nf6 3 Bc4 Nxe4} (11. Ne2 $18) (11. Qf3 Bb7 12. Nxb6 Nd4 13. Qh3 axb6 14. c3 Ne6 15. Bxe6 Qxe6 16. Ne2 g5 17. d4 g4 18. Qh4+ Kc8 19. dxe5 Bxg2 {1-0 (65) Zhao,J (2552)-Schneider,D (2502) Richardson 2007}) 11... Nd4 12. h4 {[%emt 0:23:19]} ({Predecessor:} 12. Nh3 $146 f4 13. Nxb6 axb6 14. Qa8 Kc7 15. Bd5 Nxc2+ 16. Ke2 Nb5 17. Bd2 Nbd4+ 18. Kd1 Nxa1 {1-0 (41) Roebuck,D (2305)-Latal,F (2115) ICCF email 2016}) 12... f4 {[%emt 0:15:58]} 13. Bxf4 exf4+ {[%emt 0:02:29]} 14. Kf1 {[%emt 0:15:41]} Ne6 {[%emt 0:07:16]} 15. Qf3 {[%emt 0:03:29]} Nd4 {[%emt 0:17:18]} 16. Qxf4 {[%emt 0:20:48]} Bg7 {[%emt 0:00:41]} 17. Re1 {[%emt 0:04:56]} Qf6 {[%emt 0:00:59]} 18. Qxf6+ {[%emt 0:02:49]} Bxf6 {[%emt 0:00:26]} 19. c3 {[%emt 0:01:19]} Nxb3 {[%emt 0:00:48]} 20. axb3 {[%emt 0:00:01]} Bb7 {[%emt 0:04:54]} 21. Nxb6 {[%emt 0:00:55]} axb6 {[%emt 0:00:08]} 22. h5 {[%emt 0:00:06]} g5 {[%emt 0:00:51]} 23. Ne2 {[%emt 0:04:18]} Nf5 {[%emt 0:02:07]} 24. Ng3 {[%emt 0:00:25]} Nxg3+ {[%emt 0:00:43]} 25. fxg3 {[%emt 0:00:01]} h6 {[%emt 0:12:16]} 26. Kg1 {[%emt 0:03:46]} Bd5 {[%emt 0:04:24]} 27. b4 {[%emt 0:00:32]} Bf7 {[%emt 0:02:51]} 28. Kf2 {[%emt 0:02:26]} Rf8 {[%emt 0:00:23]} 29. g4 {[%emt 0:00:17]} Be6 {[%emt 0:08:49]} 30. Kg3 {[%emt 0:00:20]} Be7 {[%emt 0:05:20]} 31. Rhf1 {[%emt 0:00:06]} Bd6+ {[%emt 0:01:06]} 32. Kh3 {[%emt 0:00:06]} Rf4 {[%emt 0:01:12]} 33. Rxf4 {[%emt 0:00:04]} Bxf4 {[%emt 0:00:03]} 34. Ra1 {[%emt 0:01:04]} Bb8 {[%emt 0:00:49]} 35. c4 {[%emt 0:00:57]} Be5 {[%emt 0:01:55]} 36. Ra8+ {[%emt 0:00:12]} Ke7 {[%emt 0:00:33]} 37. b3 {[%emt 0:00:21]} Bc3 {[%emt 0:00:27]} 38. b5 {[%emt 0:02:34]} Kd6 {[%emt 0:00:30]} 39. Rc8 {[%emt 0:00:47]} Ke5 {[%emt 0:01:12]} 40. Rh8 {[%emt 0:00:09]} Kf4 {[%emt 0:00:25]} 41. Rxh6 {[%emt 0:02:07]} Bxg4+ {[%emt 0:00:08]} 42. Kh2 {[%emt 0:00:01]} Be6 {[%emt 0:00:14]} 43. Rh7 {[%emt 0:02:22]} Kf5 {[%emt 0:00:54]} 44. Re7 {[%emt 0:00:34]} Kf6 {[%emt 0:00:47]} 45. Re8 {[%emt 0:02:56]} Bf7 {[%emt 0:00:11]} 46. Rh8 {[%emt 0:00:55]} Ke7 {[%emt 0:00:32]} 47. Rc8 {[%emt 0:00:44]} Bxh5 {[%emt 0:00:17]} 48. c5 {[%emt 0:00:35]} Be5+ {[%emt 0:00:40]} 49. Kh1 {[%emt 0:01:10]} Bd4 {[%emt 0:00:57]} 50. cxb6 {[%emt 0:00:48]} Bxb6 {[%emt 0:00:01]} 51. Rb8 {[%emt 0:00:14]} Bc7 {[%emt 0:00:26]} 52. Rc8 {[%emt 0:01:33]} Kd6 {[%emt 0:00:29]} 53. Rg8 {[%emt 0:00:08]} Be2 {[%emt 0:01:03]} 54. Rg6+ {[%emt 0:00:06]} Kc5 {[%emt 0:00:09]} 55. Rxg5+ {[%emt 0:00:45]} Kb6 {[%emt 0:00:31]} 56. Rd5 {[%emt 0:00:10]} d6 {[%emt 0:00:02]} 57. b4 {[%emt 0:01:23]} Bd1 {[%emt 0:00:10]} 58. Kg1 {[%emt 0:00:57]} Bb3 {[%emt 0:00:06]} 59. Rf5 {[%emt 0:00:40]} Bc2 {[%emt 0:00:04]} 60. Rd5 {[%emt 0:00:16]} Bb3 {[%emt 0:01:23]} 61. Rh5 {[%emt 0:00:21]} Bc2 {[%emt 0:00:56]} 62. d4 {[%emt 0:00:41]} Be4 {[%emt 0:00:10]} 63. Kf2 {[%emt 0:02:00]} d5 {[%emt 0:00:04]} 64. g4 {[%emt 0:00:10]} Kxb5 {[%emt 0:00:11]} 65. Ke3 {[%emt 0:00:55]} Kxb4 {[%emt 0:02:16]} 66. Rh8 {[%emt 0:00:06]} Bb6 {[%emt 0:00:30]} 67. Rb8 {[%emt 0:00:06]} Kb5 {[%emt 0:00:06]} 68. g5 {[%emt 0:00:42]} Kc6 {[%emt 0:00:03]} 69. Rf8 {[%emt 0:00:45]} Kd7 {[%emt 0:00:08]} 70. Rf7+ {[%emt 0:00:45]} Ke8 {[%emt 0:00:06]} 71. Rb7 {[%emt 0:00:49]} Ba5 {[%emt 0:00:13]} 72. Ra7 {[%emt 0:01:10]} Bb4 1/2-1/2

[Event "Bhopal GM Open 2018"]
[Site "Bhopal"]
[Date "2018.12.23"]
[Round "4"]
[White "Pandey Srishti"]
[Black "Anuj Shrivatri"]
[Result "*"]
[WhiteElo "1825"]
[BlackElo "2357"]
[Annotator "TA"]
[PlyCount "36"]
[EventDate "2018.12.21"]
[EventType "swiss"]
[EventCountry "IND"]
[SourceTitle "playchess.com"]
[Source "ChessBase"]
[SourceQuality "1"]

{[%evp 20,22,168,79,82]} 1. e4 e5 2. Nc3 Nf6 3. Bc4 Nxe4 4. Qh5 Nd6 5. Bb3 Nc6 6. Nb5 g6 7. Qf3 f5 8. Qd5 Qe7 9. Nxc7+ Kd8 10. Nxa8 b6 11. d3 {LiveBook: 13 Games. C27: Vienna Game: 2...Nf6 3 Bc4 Nxe4} (11. Ne2 $18) (11. Qf3 Bb7 12. Nxb6 Nd4 13. Qh3 axb6 14. c3 Ne6 15. Bxe6 Qxe6 16. Ne2 g5 17. d4 g4 18. Qh4+ Kc8 19. dxe5 Bxg2 {1-0 (65) Zhao,J (2552)-Schneider,D (2502) Richardson 2007}) 11... Nd4 {Predecessor:} 12. Nh3 $146 f4 13. Nxb6 axb6 14. Qa8 Kc7 15. Bd5 Nxc2+ 16. Ke2 Nb5 17. Bd2 Nbd4+ 18. Kd1 Nxa1 {1-0 (41) Roebuck,D (2305)-Latal,F (2115) ICCF email 2016} *

[Event "Bhopal GM Open 2018"]
[Site "Bhopal"]
[Date "2018.12.24"]
[Round "5"]
[White "Tran, Tuan Minh"]
[Black "Nguyen, Van Huy"]
[Result "1/2-1/2"]
[WhiteElo "2524"]
[BlackElo "2438"]
[Annotator "TA"]
[PlyCount "139"]
[EventDate "2018.12.21"]
[EventType "swiss"]
[EventCountry "IND"]
[SourceTitle "playchess.com"]
[Source "ChessBase"]
[SourceQuality "1"]

{[%evp 15,139,4,31,16,16,16,18,16,16,13,18,28,10,26,41,43,67,64,70,70,68,71,69,70,91,83,76,83,75,16,15,6,76,76,90,47,48,46,46,0,0,0,46,46,68,63,61,45,72,52,70,48,53,40,40,40,62,53,53,50,55,35,56,34,42,0,54,54,60,51,238,112,112,68,68,12,13,8,9,9,8,0,0,0,10,0,0,0,0,0,0,0,0,0,18,14,71,17,16,16,21,19,127,127,120,20,22,0,0,0,0,-45,-24,-30,-31,-40,-42,-54,-39,-42,0,0,8,0,0,0]} 1. c4 e6 2. d4 Nf6 3. Nc3 Bb4 4. f3 O-O 5. a3 Bxc3+ 6. bxc3 Nh5 {E27: Nimzo-Indian: Sämisch: 5...0-0 6 f3} 7. Nh3 f5 8. e4 d6 {LiveBook: 3 Games} 9. Bd3 (9. exf5 exf5 10. Kf2 h6 11. g3 Qf6 12. Be2 Qf7 13. Rb1 Nc6 14. Re1 {1-0 (42) Kravtsiv,M (2654)-David,A (2561) Cap d'Agde 2018}) 9... Nc6 10. O-O f4 11. e5 $146 ({Predecessor:} 11. Nf2 e5 12. c5 dxc5 13. Bc4+ {0-1 (36) Meszaros,M (2409)-Csonka,A (2378) Szombathely 2011}) 11... dxe5 12. Qc2 Nf6 13. dxe5 Nxe5 14. Nxf4 Nxd3 15. Nxd3 e5 16. Nxe5 Qd6 17. Re1 Nd7 18. Nxd7 Bxd7 19. Be3 Bf5 20. Qb3 Qc6 21. Bd4 Be6 {[#]} 22. Qb4 (22. Qb5 $1 $16 {[%cal Rb5c6]} Qxb5 23. cxb5) 22... Bxc4 $11 23. Re5 b5 (23... b6 $1 $11) 24. a4 $16 a6 25. Qa5 Rac8 26. Rae1 Rce8 27. h3 (27. axb5 {is interesting.} axb5 28. h3 Rxe5 29. Rxe5 Qd6 30. Qa7) 27... Rxe5 28. Rxe5 {aiming for Rc5.} Rf7 (28... Rxf3 $5 29. gxf3 Qxf3 30. Re8+ (30. Qxa6 Qg3+ 31. Kh1 Qxh3+ 32. Kg1 Qg3+ 33. Kh1 Qh3+ 34. Kg1 Qg4+ 35. Kh2 Qf4+ 36. Kg2 Qg4+ 37. Kh2 Qh4+ 38. Kg2 Qg4+ 39. Kh2 $11) 30... Kf7 31. Qxc7+ Kxe8 $11) 29. axb5 Bxb5 30. Qb4 h6 31. h4 Qc4 32. Qb1 Qd3 33. Qb2 Kh7 34. Kh2 Qg6 35. h5 Qd3 36. Qf2 Bd7 37. Qg3 c6 38. Re4 Bf5 39. Re8 {Threatening mate with Qb8.} Bd7 $1 {[%cal Rd7e8]} 40. Re4 Bf5 41. Re3 Qc2 42. Qd6 Bd3 $2 ({Better is} 42... Bd7 $14) 43. Qxc6 (43. Re8 $18 {and White stays clearly on top. White wants to mate with Qd8.} Bf1 44. Qg3) 43... Bf1 {[%csl Gf1][%cal Rc2g2] [#]} 44. f4 $1 {[%mdl 512] Black must now prevent Rg3.} Qf5 $1 ({Not} 44... Rxf4 $2 45. Rg3 $18) 45. Rg3 (45. Qe4 $14) 45... Qxh5+ $11 46. Kg1 Bb5 47. Qe4+ Kg8 $1 48. Qa8+ Kh7 49. Qe4+ Kg8 $1 50. Be5 {Strongly threatening Qd5.} Qd1+ 51. Kh2 {Threatens to win with c4.} Qh5+ $1 52. Rh3 Qf5 $1 {[%cal Rf5e4]} 53. Qd5 Kh7 54. c4 $36 {[%mdl 2048] White has some pressure.} Bd7 55. c5 {And now c6 would win.} Be6 (55... Rf6 $1 $11 {keeps the balance.}) 56. Qd4 (56. Qd3 $16) 56... Rd7 57. Bd6 {With the idea c6.} Qd5 58. Rd3 Qc6 {[#]} (58... Qh5+ $1 $11 59. Kg1 Rb7) 59. Qe5 $1 $16 {[%cal Re5e6]} Bg4 60. Rd5 (60. Kg3 $16 h5 61. Qd5 Qxd5 62. Rxd5) 60... Rf7 $11 {Threatening ...Rf5.} 61. Qe4+ Bf5 62. Qd4 Rf6 63. Re5 Rg6 $1 {[%csl Gg6][%cal Rc6g2]} 64. Re2 a5 65. Qe5 Bd3 66. Rf2 Be4 {[%cal Re4g2]} 67. f5 Rf6 68. g4 {The position is equal.} a4 69. Qe7 Qd5 {...Qd4 is the strong threat.} 70. Be5 {Accuracy: White = 45%, Black = 62%.} 1/2-1/2

[Event "Bhopal GM Open 2018"]
[Site "Bhopal"]
[Date "2018.12.24"]
[Round "5"]
[White "Deviatkin, Andrei"]
[Black "Rathnakaran, K.."]
[Result "1-0"]
[WhiteElo "2464"]
[BlackElo "2366"]
[Annotator "TA"]
[PlyCount "127"]
[EventDate "2018.12.21"]
[EventType "swiss"]
[EventCountry "IND"]
[SourceTitle "playchess.com"]
[Source "ChessBase"]
[SourceQuality "1"]

{[%evp 19,127,33,41,37,81,62,123,114,117,102,143,129,135,106,108,106,108,92,147,154,142,116,135,102,127,102,109,35,13,33,55,0,0,-22,25,27,42,18,77,75,72,63,72,77,75,72,75,82,75,81,115,108,107,83,100,0,22,44,35,0,18,8,243,244,474,522,867,832,760,363,549,534,793,775,918,822,824,819,818,800,803,786,754,746,7589,6322,29966,29965,29967,29966,29969,29970,29973,29974,29973,29974,29974,29975,29981,29982,29982,29983,29983,29984,29984,29985,29985,29986,29986,29987]} 1. d4 g6 2. e4 d6 3. g3 Bg7 4. Bg2 Nd7 5. Nc3 c6 6. a4 {B06: Modern Defence} (6. Nge2 Ngf6 7. a4 O-O 8. O-O c5 9. h3 cxd4 10. Nxd4 a6 11. Be3 Qc7 12. Nd5 Nxd5 13. exd5 Nf6 14. b3 e5 15. dxe6 fxe6 16. c4 {½-½ (44) Vitiugov,N (2742)-Fedoseev,V (2662) Dubai 2014}) 6... a5 7. Be3 Qc7 $146 ({Predecessor:} 7... Ngf6 8. h3 O-O 9. Nge2 Qc7 10. O-O e5 11. g4 Re8 12. Qd2 b6 13. Rad1 exd4 14. Bxd4 {1-0 (42) Eryshkanova,A (2140)-Arkhipenko,D (2172) Cheliabinsk 2011}) 8. Nf3 Ngf6 9. h3 O-O 10. O-O e5 {LiveBook: 7 Games} 11. Qd2 Ne8 12. Rad1 f5 (12... exd4 $14 13. Bxd4 Bxd4 14. Nxd4 (14. Qxd4 Nc5 $14) 14... Nc5) 13. exf5 $16 gxf5 14. dxe5 dxe5 15. Rfe1 {[%cal Bf1e1,Be1e4,Be4f4][%mdl 32]} e4 16. Ng5 Ne5 17. Bc5 h6 18. Bxf8 Kxf8 ({Black should play} 18... Bxf8 19. Ngxe4 fxe4) 19. Ngxe4 fxe4 20. Rxe4 {And now Qf4+ would win.} Nf7 21. Qe3 {[%csl Ge3][%cal Re4e8]} Ned6 22. Rf4 Qe7 23. Qd2 (23. Ne4 $1 $16 {[%cal Re4d6]} Nf5 24. Qf3) 23... Be5 $14 24. Rf3 Kg7 25. Qd3 (25. b3 $1 $14) 25... Be6 $11 26. b3 Re8 27. Ne2 Rd8 {Threatens to win with ...Nf5.} 28. Nf4 $36 {[%mdl 2048] White has the initiative.} Nf5 (28... Ne4 $1 $11 {remains equal.} 29. Qe2 (29. Nxe6+ Qxe6 30. Qe2 Nc3 $15) 29... Nc3 {[%mdl 64] Double Attack} 30. Nh5+ (30. Rxc3 Rxd1+ 31. Qxd1 Bxc3 $17) 30... Kh7 31. Rxc3 Bxc3) 29. Nxe6+ $16 Qxe6 30. Qf1 Bd4 31. Kh2 Bb6 32. Rxd8 Bxd8 33. Qd3 N5d6 34. Re3 Qf6 35. f4 Bb6 36. Re1 Nf5 37. Qf3 (37. Be4 $1 $16 {[%cal Re4f5]} N5d6 38. Qe2) 37... Qd4 38. Rd1 Qc5 39. c3 Ne3 40. Rd7 h5 $2 {[#]} (40... Qxc3 $11 41. Rxb7 Qc5) 41. b4 $1 $18 {[%cal Rb4c5,Bb3b4,Bb4a5,Ba5a6][%mdl 32]} ({Worse is} 41. Rxb7 Nf5 $11) 41... Qf5 $2 (41... axb4 42. cxb4 Qc4) 42. Rxb7 Ng4+ 43. hxg4 hxg4 44. Qf1 (44. Bh3 $142) 44... Be3 (44... Qh7+ $142 45. Bh3 Bd8) 45. bxa5 Kf6 46. a6 Nh6 47. Rc7 (47. a7 Qh5+ 48. Bh3 gxh3 $11) 47... Qh5+ 48. Bh3 gxh3 49. Rxc6+ Kg7 {[#]} 50. Rxh6 $1 ({Weaker is} 50. Rc7+ Kf8 $11) 50... Qxh6 51. Qb5 Qe6 52. Qe5+ Qxe5 53. fxe5 {[%mdl 4096] Endgame KB-KP. White mates.} Kf7 54. Kxh3 Ke6 55. Kg4 Kxe5 56. Kf3 Bc5 57. g4 {[%cal Bg3g4,Bg4g5,Bg5g6][%mdl 32]} Kd5 58. g5 Kc6 59. g6 Bf8 60. a5 Kc7 61. c4 {[%cal Bc3c4,Bc4c5,Bc5c6][%mdl 32]} Kb8 {[#]} 62. c5 $1 {[%mdl 512]} Ka7 (62... Bxc5 63. g7) 63. Ke4 Kxa6 64. c6 {Accuracy: White = 77%, Black = 38%.} 1-0

[Event "Bhopal GM Open 2018"]
[Site "Bhopal"]
[Date "2018.12.24"]
[Round "5"]
[White "Vignesh N R"]
[Black "Tran, Minh Thang"]
[Result "1/2-1/2"]
[WhiteElo "2455"]
[BlackElo "2342"]
[Annotator "TA"]
[PlyCount "49"]
[EventDate "2018.12.21"]
[EventType "swiss"]
[EventCountry "IND"]
[SourceTitle "playchess.com"]
[Source "ChessBase"]
[SourceQuality "1"]

{[%evp 27,49,43,37,29,35,27,38,29,52,33,48,54,90,63,61,8,0,0,8,0,0,0,0,-7]} 1. e4 c5 2. Nf3 e6 3. d4 cxd4 4. Nxd4 a6 5. Bd3 Bc5 6. Nb3 Ba7 7. O-O Nc6 {[%cal Bb8c6,Bc6e5,Be5g6][%mdl 32]} 8. Qe2 d6 9. Be3 Nf6 10. c4 O-O 11. Nc3 Bxe3 12. Qxe3 Ne5 {B42: Sicilian: Kan Variation: 5 Bd3} 13. Be2 Qc7 14. Rfd1 b6 {LiveBook: 4 Games. White is slightly better.} 15. f4 Ng6 $1 16. g3 (16. Qd2 Bb7 17. Qxd6 Qxd6 18. Rxd6 Nxe4 19. Nxe4 Bxe4 20. g3 {½-½ (49) Akopian,V (2682)-Oleksienko,M (2630) Minsk 2014}) 16... Bb7 17. Rac1 Rad8 18. Rd2 $146 ({Predecessor:} 18. Bf3 Rfe8 19. Qf2 Nd7 20. Nd2 Rc8 21. b4 {1-0 (54) Iljiushenok,I (2424)-Golubov,S (2038) Moscow 2011}) 18... Nd7 {[%cal Bf6d7,Bd7c5,Bc5e6][%mdl 32]} 19. Rcd1 Nc5 20. Nd4 e5 21. Nf5 (21. fxe5 $1 $14 dxe5 22. Nf5) 21... exf4 $1 $11 {The position is equal.} 22. gxf4 {[%cal Rf5d6]} Ne6 23. Rf1 Qc5 24. Qxc5 dxc5 25. Rxd8 1/2-1/2

[Event "Bhopal GM Open 2018"]
[Site "Bhopal"]
[Date "2018.12.24"]
[Round "5"]
[White "Shyaamnikhil P"]
[Black "Movsziszian, Karen"]
[Result "1-0"]
[WhiteElo "2448"]
[BlackElo "2505"]
[Annotator "TA"]
[PlyCount "97"]
[EventDate "2018.12.21"]
[EventType "swiss"]
[EventCountry "IND"]
[SourceTitle "playchess.com"]
[Source "ChessBase"]
[SourceQuality "1"]

{[%evp 17,97,22,22,12,24,17,33,26,33,37,32,35,35,14,32,18,52,37,55,0,18,-5,42,12,22,0,41,0,2,15,9,2,27,0,13,12,17,14,14,9,30,-5,40,40,45,-46,0,-7,69,76,75,81,152,129,308,292,283,292,336,311,407,368,452,429,461,443,456,451,503,427,560,560,496,523,582,576,571,567,520,454,701,682]} 1. Nf3 Nf6 2. g3 g6 3. Bg2 Bg7 4. O-O O-O 5. d4 d6 6. a4 a5 7. Re1 {A49: 1 d4 Nf6 2 Nf3 g6 3 g3: Anti-King's Indian systems} Nbd7 8. e4 e5 9. Nc3 Re8 {LiveBook: 34 Games} 10. d5 (10. Be3 b6 11. h3 Bb7 12. Nh2 Rb8 13. dxe5 Nxe5 14. Rb1 Nc4 15. Bd4 c5 16. Bxf6 Bxf6 17. Qd3 Ne5 18. Qd2 Nc4 19. Qd3 Ne5 20. Qd2 {½-½ (20) Aronian,L (2799)-Kasparov,G (2812) Saint Louis 2017}) 10... Nc5 11. Nd2 Bg4 $146 ({Predecessor:} 11... Bd7 12. b3 Ng4 13. f3 Nh6 14. Nc4 f5 {1-0 (44) Nguyen,T-Le,T (1559) Bac Giang 2014}) 12. f3 Bd7 13. Nc4 Nh5 14. Be3 b6 15. Bf1 Re7 16. Nd2 Qf8 17. Bb5 (17. Bxc5 $5 bxc5 18. Bb5 $14) 17... Bh3 18. Bf1 (18. Bxc5 $14 bxc5 19. b3) 18... Bc8 19. Bf2 Bh6 20. Bb5 Bh3 21. Bf1 Bc8 22. Nb3 Ng7 23. Nxc5 bxc5 24. g4 {[%cal Bg3g4,Bg4g5][%mdl 32]} Ne8 25. h4 Bg7 26. Qd2 f5 27. exf5 gxf5 28. g5 $1 $36 {[%mdl 2048] White is more active.} Qf7 29. f4 e4 30. Nd1 Bh8 31. h5 (31. c3 $14) 31... Qxh5 {[#] Strongly threatening ...h6.} 32. Ra3 $1 Qf7 (32... Rg7 $1 $11) 33. Rh3 $14 Ba6 34. Kg2 Bb7 ({Black should try} 34... Bg7) 35. Bc4 $16 Bd4 $2 {[#]} (35... e3 $16 36. Rhxe3 (36. Rexe3 Re4 $11) 36... Rxe3 37. Rxe3 (37. Nxe3 Bd4 $16) 37... Bd4) 36. Bxd4 $18 cxd4 37. Qxd4 Qg7 38. Qxg7+ Rxg7 39. Ne3 Bc8 40. Kf2 {White is clearly winning.} Bd7 41. b3 Rb8 42. Reh1 Rf7 43. Rh6 Rb4 44. c3 Rb6 45. Nc2 Re7 46. Ke3 Rb8 47. Nd4 Rg7 48. Bb5 Bxb5 (48... Re7 $142 49. g6 Rxb5) 49. axb5 {Accuracy: White = 50%, Black = 30%.} 1-0

[Event "Bhopal GM Open 2018"]
[Site "Bhopal"]
[Date "2018.12.24"]
[Round "5"]
[White "Laxman, R.R."]
[Black "Nitin, S.."]
[Result "1/2-1/2"]
[WhiteElo "2436"]
[BlackElo "2450"]
[Annotator "TA"]
[PlyCount "45"]
[EventDate "2018.12.21"]
[EventType "swiss"]
[EventCountry "IND"]
[SourceTitle "playchess.com"]
[Source "ChessBase"]
[SourceQuality "1"]

{[%evp 16,45,43,12,16,16,10,6,16,8,3,13,16,1,12,0,22,21,49,44,53,37,41,17,24,20,20,28,25,13,30,-1]} 1. Nf3 Nf6 2. b3 g6 3. Bb2 Bg7 4. g3 d6 5. d4 O-O 6. Bg2 a5 7. c4 {A49: 1 d4 Nf6 2 Nf3 g6 3 g3: Anti-King's Indian systems} a4 8. O-O c6 9. b4 {LiveBook: 5 Games. White is slightly better.} (9. e3 Bg4 10. h3 Bxf3 11. Bxf3 Nbd7 12. Nc3 a3 13. Bc1 e5 14. dxe5 Nxe5 15. Bg2 {1-0 (42) Giri,A (2782)-Aronian,L (2767) chess.com INT 2018}) 9... Be6 10. Nfd2 d5 11. c5 b5 12. cxb6 Qxb6 13. a3 Ne8 14. e3 Nd6 15. Nc3 {[%cal Bb1c3,Bc3e2,Be2f4][%mdl 32]} Qa7 16. Ne2 $146 ({Predecessor:} 16. Rc1) 16... Bg4 17. Rc1 Qa6 18. f3 Bc8 19. Nf4 Nd7 20. Re1 e5 21. dxe5 Nxe5 22. Bf1 Qb7 {[#] Strongly threatening ...Nxf3+!} 23. Bd4 {Accuracy: White = 69%, Black = 79%.} 1/2-1/2